|
|
|
|
| LEADER |
01201cam a2200277 i 4500 |
| 001 |
27591 |
| 003 |
BD-DhAAL |
| 005 |
20130926114131.0 |
| 008 |
130926s2012 enk bf 001 0 eng |
| 010 |
|
|
|a 2012374242
|
| 020 |
|
|
|a 9780199560530
|
| 040 |
|
|
|a DLC
|b eng
|e rda
|c DLC
|d BD-DhAAL
|
| 050 |
0 |
0 |
|a JA66
|b .O94 2012
|
| 082 |
0 |
0 |
|a 320
|2 23
|
| 245 |
0 |
0 |
|a Oxford handbook of governance /
|c edited by David Levi-Faur, the Hebrew University of Jerusalem and the Free University of Berlin.
|
| 246 |
3 |
0 |
|a Governance
|
| 260 |
|
|
|a Oxford :
|b Oxford University Press,
|c c2012.
|
| 300 |
|
|
|a xxii, 803 pages ;
|c 26 cm.
|
| 504 |
|
|
|a Includes bibliographical references and index.
|
| 541 |
|
|
|e 27592
|
| 650 |
|
0 |
|a Political science
|v Handbooks, manuals, etc.
|9 2342
|
| 700 |
1 |
|
|a Levi-Faur, David,
|e editor of compilation.
|9 3262
|
| 942 |
|
|
|2 ddc
|c BK
|
| 999 |
|
|
|c 14023
|d 14023
|
| 952 |
|
|
|0 0
|1 0
|2 ddc
|4 0
|6 320_000000000000000_OXF
|7 0
|9 23504
|a IGS
|b IGS
|c GEN
|d 2013-09-26
|e Karim International
|g 8500.00
|l 0
|o 320 OXF
|p 3010027591
|r 2013-09-26
|t 1
|w 2013-09-26
|y BK
|
| 952 |
|
|
|0 0
|1 0
|2 ddc
|4 0
|6 320_000000000000000_OXF
|7 0
|9 23505
|a IGS
|b IGS
|c GEN
|d 2013-09-26
|e Karim International
|g 8500.00
|l 0
|o 320 OXF
|p 3010027592
|r 2013-09-26
|t 2
|w 2013-09-26
|y BK
|